00494nam a2200181Ia 4500003000400000005001700004008004100021020002200062040000700084041000800091082002100099100001600120245008200136260005000218300001200268365001300280650001900293OSt20230613144751.0210423s2017 xx 000 0 und d a978-93-8688-234-9 cAL aeng a336.2 223bDATT aDATEY (V S) aTaxmanns GST law and practice with customs and FTP: paper 8 indirect tax laws aNew DelhibTaxmann Publications Pvt Ltdc2017 a565bPB b795cINR aPublic Finance